Statystyki dla Województwa graniczące z innymi państwami

Kliknij tutaj aby rozwiązać quiz!

Ogólne statystyki

  • Ten quiz został rozwiązany 41 razy
  • Średni wynik to 10 z 10

Statystyki odpowiedzi

SąsiadWojewództwo% Poprawnych
Niemcy & CzechyDolnośląskie
100%
Czechy & SłowacjaŚląskie
100%
Ukraina & BiałoruśLubelskie
97%
NiemcyLubuskie
97%
NiemcyZachodniopomorskie
97%
SłowacjaMałopolskie
95%
Białoruś & LitwaPodlaskie
95%
CzechyOpolskie
92%
Słowacja & UkrainaPodkarpackie
92%
Litwa & RosjaWarmińsko-mazurskie
86%

Rozkład punktacji

Percentyl według liczby udzielonych odpowiedzi

Procent ludzi z każdym wynikiem

Twoja historia wyników

Nie rozwiązałeś tego quizu